Statistiken für Logos mittel

Klicken Sie hier um das Quiz zu spielen!

Allgemein

  • Dieses Quiz wurde 5.923 mal gespielt
  • Das Durchschnittsergebnis liegt bei 13 aus 16

Antwortstatistiken

Antwort% Korrekt
Netflix
100%
Starbucks
98%
Puma
96%
Twitter
96%
Spotify
94%
Telekom
92%
Levi's
85%
Das Erste
84%
Lufthansa
84%
Lacoste
82%
Seat
77%
Rolex
76%
ups
74%
Allianz
72%
Louis Vuitton
60%
Premier League
45%

Verteilung der Resultate

Perzentil nach korrekt beantworteten Fragen

Anzahl Personen mit jedem Resultat

Ihre Resultats-Entwicklung

Sie haben dieses Quiz noch nicht gespielt